| 000 | 00347nam a2200133Ia 4500 | ||
|---|---|---|---|
| 008 | 220204s9999 xx 000 0 und d | ||
| 082 |
_a581.331.2 _bSTA;1 |
||
| 100 | _aLINSKENS, H F | ||
| 245 | 0 | _aPollen: Biology, biochemistry management | |
| 260 |
_aBerlin _bSpringer _c1974 |
||
| 650 | _aPollen biology | ||
| 700 | _aSTANLEY, R G | ||
| 942 | _cBK | ||
| 999 |
_c33306 _d33306 |
||